[Event "Aeroflot Open"]
[Site "Moscow RUS"]
[Date "2017.02.22"]
[EventDate "2017.02.21"]
[Round "2.47"]
[Result "0-1"]
[White "Alexander Donchenko"]
[Black "Alireza Firouzja"]
[WhiteElo "2553"]
[BlackElo "2465"]
[PlyCount "80"]

1. c4 g6 2. Nc3 Bg7 3. g3 Nf6 4. Bg2 O-O 5. e4 d6 6. Nge2 c5
7. O-O Nc6 8. d3 Ne8 9. Be3 Nd4 10. Qd2 Bd7 11. Rab1 Bc6
12. b4 b6 13. f4 f5 14. bxc5 bxc5 15. Bxd4 cxd4 16. Nd5 Rc8
17. exf5 gxf5 18. Nc1 e5 19. Nb3 Kh8 20. Qe2 Nc7 21. Nb4 Bd7
22. Qh5 Qf6 23. Na5 exf4 24. Rxf4 Qe5 25. Nb3 Ne6 26. Rh4 h6
27. Nd5 Kh7 28. Nd2 Nc5 29. Nf3 Qe8 30. Qg5 Nxd3 31. Ne7 Rxc4
32. Bf1 Rc3 33. Rb7 Nc5 34. Rb8 Qf7 35. Rxf8 Bxf8 36. Nxd4 Ne4
37. Qf4 Qxe7 38. Nxf5 Qg5 39. Nxh6 Qxf4 40. Ng4+ Kg7 0-1

[Event "Aeroflot Open"]
[Site "Moscow RUS"]
[Date "2017.02.23"]
[EventDate "2017.02.21"]
[Round "3.34"]
[Result "1-0"]
[White "Alireza Firouzja"]
[Black "Falko Bindrich"]
[WhiteElo "2465"]
[BlackElo "2590"]
[PlyCount "113"]

1. e4 e5 2. Nf3 Nc6 3. Bb5 Nf6 4. d3 Bc5 5. Bxc6 dxc6 6. Nbd2
O-O 7. Nc4 Nd7 8. Qe2 Re8 9. Bd2 b5 10. Ne3 a5 11. a4 Bb6
12. O-O Nf8 13. Rfd1 Ng6 14. g3 Be6 15. h4 f6 16. Qe1 b4
17. Qe2 Qd7 18. Be1 Rad8 19. Nd2 Bf7 20. Kh2 Nf8 21. Ndc4 Ne6
22. c3 c5 23. f3 Qc6 24. Nf1 Qd7 25. Bf2 Nf8 26. Nfe3 Qc6
27. f4 exf4 28. gxf4 Qd7 29. Qf3 Kh8 30. f5 Qe7 31. Bg3 Nd7
32. Rg1 Rg8 33. Kh3 Nb8 34. Nd5 Qd7 35. Nce3 Nc6 36. h5 Ne7
37. c4 h6 38. b3 Nc6 39. Qg4 Qe8 40. Qf4 Kh7 41. Bh4 Bxd5
42. Nxd5 Qxh5 43. Ra2 Rdf8 44. Rag2 Rf7 45. Qg3 Rff8 46. Nxb6
Ne5 47. Nd5 g5 48. fxg6+ Rxg6 49. Qf4 Rg5 50. Nxf6+ Rxf6
51. Qxf6 Nf3 52. Qf5+ Kh8 53. Qf8+ Kh7 54. Qf5+ Kh8 55. Rxg5
hxg5 56. Rg4 Nxh4 57. Qxg5 1-0

[Event "Aeroflot Open"]
[Site "Moscow RUS"]
[Date "2017.02.24"]
[EventDate "2017.02.21"]
[Round "4.20"]
[Result "1-0"]
[White "Igor Lysyj"]
[Black "Alireza Firouzja"]
[WhiteElo "2643"]
[BlackElo "2465"]
[PlyCount "151"]

1. d4 Nf6 2. c4 g6 3. Nc3 Bg7 4. e4 d6 5. Nf3 O-O 6. Be2 e5
7. O-O Nc6 8. Be3 Re8 9. dxe5 dxe5 10. h3 Be6 11. Re1 Nh5
12. Qxd8 Rexd8 13. Nd5 Rd7 14. Ng5 Rad8 15. Bxh5 gxh5 16. Rad1
Nd4 17. Bxd4 Bxd5 18. exd5 exd4 19. Ne4 Re7 20. Nc5 Rxe1+
21. Rxe1 b5 22. Nb7 Rd7 23. Re8+ Bf8 24. b3 bxc4 25. bxc4 Kg7
26. Kf1 d3 27. Ke1 Bb4+ 28. Kd1 c6 29. dxc6 Rc7 30. Nd8 Kf6
31. Re3 Be7 32. Rf3+ Kg6 33. Nxf7 Bf6 34. Nd6 Be5 35. Nf5 Bf6
36. Nd6 Be5 37. Rxd3 Rxc6 38. Nb5 Rxc4 39. Nxa7 h4 40. Nb5 Kf6
41. Na3 Ra4 42. Kc2 Ra8 43. Rf3+ Ke6 44. Nc4 Rxa2+ 45. Kb3 Re2
46. Re3 Rxe3+ 47. fxe3 Bf6 48. Kc2 Bg7 49. Kd3 Kf5 50. Ke2 h5
51. Kf3 Bh6 52. Nb2 Bf8 53. Nd3 Ba3 54. Nf4 Kg5 55. Ke4 Bc1
56. Nd3 Ba3 57. Ne5 Be7 58. Nf3+ Kg6 59. Ke5 Kf7 60. Kf5 Bf6
61. e4 Bd8 62. Ng5+ Ke7 63. Ne6 Ba5 64. e5 Bc3 65. Nf4 Be1
66. Nxh5 Bf2 67. Nf4 Be1 68. Nd5+ Ke8 69. Ke6 Bg3 70. Ne3 Bf2
71. Nf5 Be1 72. Kf6 Kf8 73. e6 Bc3+ 74. Kg5 Be1 75. Nxh4 Ke7
76. Nf3 1-0

[Event "Aeroflot Open"]
[Site "Moscow RUS"]
[Date "2017.02.25"]
[EventDate "2017.02.21"]
[Round "5.29"]
[Result "1-0"]
[White "Alireza Firouzja"]
[Black "Maksim Vavulin"]
[WhiteElo "2465"]
[BlackElo "2604"]
[PlyCount "95"]

1. e4 e5 2. Nf3 Nc6 3. Bb5 a6 4. Ba4 d6 5. O-O b5 6. Bb3 Na5
7. d4 Nxb3 8. axb3 f6 9. h3 Bb7 10. Qe2 g6 11. c4 b4 12. Rd1
Qe7 13. c5 dxc5 14. dxe5 fxe5 15. Nbd2 Nf6 16. Nc4 Bg7
17. Ncxe5 Qe6 18. Nd3 Nxe4 19. Nf4 Qe7 20. Re1 O-O 21. Qc4+
Kh8 22. Ne6 Rfe8 23. Neg5 h6 24. Nxe4 Bxe4 25. Nd2 Bd5
26. Rxe7 Bxc4 27. Rxe8+ Rxe8 28. bxc4 Re1+ 29. Kh2 Be5+ 30. g3
Re2 31. Kg1 Bd4 32. Nf3 Bxf2+ 33. Kf1 Rc2 34. Bf4 Kh7 35. Rd1
g5 36. Rd7+ Kg6 37. Rd2 Rxd2 38. Nxd2 Bd4 39. Bxc7 Bxb2 40. g4
Bd4 41. Nb3 Be3 42. Ke2 Bg1 43. Bd6 h5 44. Bxc5 Bxc5 45. Nxc5
hxg4 46. hxg4 a5 47. Kd3 Kf6 48. Ke4 1-0

[Event "Aeroflot Open"]
[Site "Moscow RUS"]
[Date "2017.02.26"]
[EventDate "2017.02.21"]
[Round "6.22"]
[Result "1/2-1/2"]
[White "Sergei Zhigalko"]
[Black "Alireza Firouzja"]
[WhiteElo "2652"]
[BlackElo "2465"]
[PlyCount "82"]

1. d4 d5 2. c4 e6 3. Nc3 Be7 4. cxd5 exd5 5. Bf4 c6 6. Qc2 Nf6
7. Nf3 O-O 8. e3 Nh5 9. Bg3 Nd7 10. Bd3 h6 11. a3 Nxg3
12. hxg3 Nf6 13. Ne5 c5 14. O-O Be6 15. dxc5 d4 16. exd4 Qxd4
17. Rfe1 Qxc5 18. b4 Qc7 19. Rac1 Rfc8 20. Qe2 Bd6 21. Na2 Qd8
22. Nc4 Bf8 23. Nc3 Rc7 24. Nb5 Re7 25. Ne3 a5 26. bxa5 Qxa5
27. Qf3 Rd8 28. Bf1 Bd5 29. Qf4 Re4 30. Qc7 Qxc7 31. Rxc7 Bc6
32. Na7 Rd7 33. Rc8 Ba4 34. Bb5 Rd2 35. Bxa4 Rxa4 36. Nb5 Rd7
37. Nc4 Ra6 38. Ne5 Re7 39. f4 Ra5 40. Nd6 Rxa3 41. Rec1 g6
1/2-1/2

[Event "Aeroflot Open"]
[Site "Moscow RUS"]
[Date "2017.02.27"]
[EventDate "2017.02.21"]
[Round "7.18"]
[Result "1-0"]
[White "Alireza Firouzja"]
[Black "Matthias Bluebaum"]
[WhiteElo "2465"]
[BlackElo "2632"]
[PlyCount "83"]

1. e4 c6 2. d4 d5 3. e5 Bf5 4. Nf3 e6 5. c3 Ne7 6. Be2 Ng6
7. h4 h5 8. Ng5 f6 9. exf6 gxf6 10. Nh3 Kd7 11. Nf4 Nxf4
12. Bxf4 Qe8 13. c4 dxc4 14. Bxc4 Qg6 15. Qb3 b5 16. O-O Rg8
17. g3 Qg4 18. Re1 Bb4 19. Bxe6+ Bxe6 20. Rxe6 Qxe6 21. Qxb4
Na6 22. Qd2 Rae8 23. Nc3 Nc7 24. d5 Nxd5 25. Nxd5 Qxd5 26. Qc2
Kc8 27. Rd1 Qf3 28. Qf5+ Kb7 29. Rd7+ Ka8 30. Rxa7+ Kxa7
31. Bb8+ Kxb8 32. Qxf3 Re6 33. Qxh5 Rge8 34. Qf7 R8e7 35. Qg6
Kb7 36. h5 Kb6 37. g4 c5 38. h6 f5 39. gxf5 Rxg6+ 40. fxg6 Re6
41. g7 Rg6+ 42. Kf1 1-0

[Event "Aeroflot Open"]
[Site "Moscow RUS"]
[Date "2017.03.01"]
[EventDate "2017.02.21"]
[Round "9.11"]
[Result "1-0"]
[White "Alireza Firouzja"]
[Black "Emilio Cordova"]
[WhiteElo "2465"]
[BlackElo "2655"]
[PlyCount "75"]

1. e4 c5 2. Nf3 d6 3. d4 cxd4 4. Nxd4 Nf6 5. Nc3 g6 6. Be3 a6
7. Be2 Bg7 8. Qd2 Nbd7 9. Bh6 Bxh6 10. Qxh6 b5 11. Bf3 e5
12. Nb3 Bb7 13. O-O Rc8 14. a3 Nb6 15. Na5 Ba8 16. Qd2 Nc4
17. Nxc4 Rxc4 18. Rfe1 Qc7 19. Rad1 Ke7 20. Qh6 b4 21. axb4
Rxb4 22. Rb1 Rhb8 23. Nd1 Bxe4 24. Bxe4 Rxe4 25. Ne3 Qc5
26. c4 Rb3 27. h3 Qd4 28. Rbd1 Rd3 29. Qg5 h6 30. Qxh6 Rf4
31. Qg5 Kf8 32. Qh6+ Kg8 33. Rxd3 Qxd3 34. Rd1 Qe2 35. Rxd6
Qxf2+ 36. Kh2 Rd4 37. Nd5 Rxd5 38. cxd5 1-0

[Event "ch-IRI"]
[Site "Tehran IRI"]
[Date "2017.03.05"]
[EventDate "2017.03.05"]
[Round "1.3"]
[Result "0-1"]
[White "Alireza Firouzja"]
[Black "Parham Maghsoodloo"]
[WhiteElo "2470"]
[BlackElo "2576"]
[PlyCount "72"]

1. d4 Nf6 2. c4 e6 3. Nc3 Bb4 4. e3 O-O 5. Bd3 d5 6. Nf3 Nbd7
7. a3 Bxc3+ 8. bxc3 c5 9. cxd5 exd5 10. O-O c4 11. Bb1 Qa5
12. Bb2 Ne4 13. Bxe4 dxe4 14. Nd2 Nf6 15. a4 Be6 16. Qc2 Qd5
17. Ba3 Rfe8 18. Rab1 Bd7 19. Rb4 Rac8 20. Rc1 Re6 21. Qd1 a6
22. Qf1 b5 23. Rbb1 Rce8 24. axb5 axb5 25. Bc5 Qg5 26. Ra1 Nd5
27. Ra7 Bc6 28. g3 f5 29. Kh1 h5 30. Qh3 Rg6 31. Ra6 Ree6
32. Nf1 Kh7 33. Bb4 f4 34. Re1 Ref6 35. Ra2 Rf7 36. Rae2 Bd7
0-1

[Event "ch-IRI"]
[Site "Tehran IRI"]
[Date "2017.03.06"]
[EventDate "2017.03.05"]
[Round "2.5"]
[Result "0-1"]
[White "M Amin Tabatabaei"]
[Black "Alireza Firouzja"]
[WhiteElo "2515"]
[BlackElo "2470"]
[PlyCount "130"]

1. d4 d5 2. c4 e6 3. Nf3 Nf6 4. g3 Bb4+ 5. Bd2 Bd6 6. Bg2 O-O
7. Nc3 dxc4 8. Qa4 a6 9. Qxc4 b5 10. Qd3 Bb7 11. O-O Nbd7
12. Rfd1 b4 13. Na4 Bc6 14. Qc2 Be4 15. Qc1 Qe7 16. Bg5 Rfb8
17. b3 h6 18. Bxf6 Nxf6 19. Qe3 Rb5 20. Rac1 Rd8 21. h3 Rd5
22. Nh4 Bxg2 23. Kxg2 c5 24. Nf3 Qb7 25. Kg1 Bf8 26. Rd3 cxd4
27. Rxd4 Rxd4 28. Nxd4 Rc8 29. Rxc8 Qxc8 30. Nf3 Qc2 31. Qd2
Qb1+ 32. Kg2 Nd5 33. Ne1 g6 34. Nd3 Bg7 35. Ndc5 a5 36. Nb7
Qe4+ 37. f3 Ne3+ 38. Kf2 Qxb7 39. Qxe3 Qc6 40. Qd2 h5 41. h4
Be5 42. e4 Bf6 43. Nb2 Qc5+ 44. Kg2 Qc3 45. Nc4 a4 46. Qxc3
bxc3 47. Ne3 axb3 48. axb3 Bd4 49. Nc2 Bb6 50. Kf1 Kf8 51. Ke2
Bc7 52. g4 g5 53. hxg5 h4 54. b4 h3 55. Kf2 Ke7 56. b5 Bf4
57. b6 Kd7 58. Nd4 Kc8 59. g6 fxg6 60. b7+ Kb8 61. Kf1 Kxb7
62. Nxe6 c2 63. Nc5+ Kc6 64. Nb3 c1=Q+ 65. Nxc1 Bxc1 0-1

[Event "ch-IRI"]
[Site "Tehran IRI"]
[Date "2017.03.07"]
[EventDate "2017.03.05"]
[Round "3.2"]
[Result "1/2-1/2"]
[White "Alireza Firouzja"]
[Black "Ehsan Ghaem Maghami"]
[WhiteElo "2470"]
[BlackElo "2577"]
[PlyCount "84"]

1. e4 c6 2. d4 d5 3. e5 c5 4. dxc5 e6 5. a3 Nc6 6. Nf3 Bxc5
7. b4 Bb6 8. Bb2 Nge7 9. Bd3 Ng6 10. O-O O-O 11. Re1 f6
12. exf6 gxf6 13. Nc3 Nce7 14. Na4 e5 15. Nxb6 axb6 16. Nd2
Nf4 17. Nf1 Be6 18. Ng3 Qd7 19. h3 Neg6 20. Bc1 Kh8 21. Bxg6
Nxg6 22. f4 Bxh3 23. fxe5 fxe5 24. Qh5 Bg4 25. Qg5 Rac8
26. Bb2 Rxc2 27. Bxe5+ Nxe5 28. Qxe5+ Qg7 29. Qxg7+ Kxg7
30. Re5 Kg6 31. Rf1 Rd8 32. Rf4 h5 33. Rd4 Rc3 34. Kh2 Rxa3
35. Nf1 Kf6 36. Rexd5 Rxd5 37. Rxd5 Ke7 38. Rb5 Kd6 39. Rxb6+
Kc7 40. Rb5 b6 41. Re5 Rb3 42. Ne3 Kd6 1/2-1/2

[Event "ch-IRI"]
[Site "Tehran IRI"]
[Date "2017.03.08"]
[EventDate "2017.03.05"]
[Round "5.1"]
[Result "1/2-1/2"]
[White "Alireza Firouzja"]
[Black "Pouya Idani"]
[WhiteElo "2470"]
[BlackElo "2576"]
[PlyCount "119"]

1. d4 Nf6 2. c4 e6 3. g3 d5 4. Nf3 Be7 5. Bg2 O-O 6. Nc3 dxc4
7. Ne5 c5 8. dxc5 Qxd1+ 9. Nxd1 Bxc5 10. Ne3 c3 11. bxc3 Nbd7
12. Nd3 Be7 13. O-O Rb8 14. Nc2 e5 15. Ne3 Re8 16. Nc4 Bf8
17. Rd1 e4 18. Nb4 b6 19. Bf4 Ra8 20. Nd6 Bxd6 21. Rxd6 Bb7
22. g4 h6 23. h4 Ne5 24. g5 Ng6 25. Bh2 hxg5 26. hxg5 Nh7
27. Rd7 Bc8 28. Rd4 Bf5 29. Nd5 Rad8 30. Rad1 Rc8 31. Nc7 Rf8
32. Bxe4 Bxe4 33. Rxe4 Nxg5 34. Ra4 f5 35. Rd7 Rfd8 36. Rad4
Rxd7 37. Rxd7 Nf8 38. Re7 Ng6 39. Rd7 Nf8 40. Rd3 Nfe6
41. Nxe6 Nxe6 42. Be5 Rc5 43. Bd6 Rc4 44. f3 Kf7 45. Bb8 a5
46. Rd5 f4 47. Be5 Ra4 48. Rb5 Rxa2 49. Kf1 Ra1+ 50. Kf2 Rd1
51. Rxb6 Rd5 52. Bd6 g5 53. Ke1 a4 54. Bb4 Ng7 55. c4 Rd8
56. Bc3 Ne6 57. Rb7+ Kg6 58. Ra7 Nd4 59. Ra6+ Kh5 60. Kf2
1/2-1/2

[Event "ch-IRI"]
[Site "Tehran IRI"]
[Date "2017.03.09"]
[EventDate "2017.03.05"]
[Round "6.6"]
[Result "0-1"]
[White "Alireza Firouzja"]
[Black "Shahin Lorparizangeneh"]
[WhiteElo "2470"]
[BlackElo "2524"]
[PlyCount "124"]

1. d4 Nf6 2. c4 e6 3. g3 d5 4. Nf3 dxc4 5. Bg2 Bb4+ 6. Bd2 a5
7. Qc2 Bxd2+ 8. Qxd2 c6 9. a4 Ne4 10. Qc1 Nd6 11. Nfd2 Nd7
12. Nxc4 Nxc4 13. Qxc4 e5 14. dxe5 Nxe5 15. Qc3 f6 16. f4 Nf7
17. Nd2 Qb6 18. Ne4 O-O 19. Nc5 Re8 20. Bf3 Qd8 21. Kf2 Qe7
22. Rad1 b6 23. Nb3 c5 24. Nd2 Bb7 25. Nc4 Qe6 26. Rhe1 Rab8
27. Bxb7 Rxb7 28. Qd3 Rbe7 29. b3 h5 30. e4 Rd8 31. Qf3 Rxd1
32. Rxd1 Qxe4 33. Qxe4 Rxe4 34. Rd3 Re6 35. Rd7 Nh6 36. Rd6
Ng4+ 37. Kf3 Nxh2+ 38. Kf2 Ng4+ 39. Kf3 Rxd6 40. Nxd6 Nh6
41. Ke4 g5 42. fxg5 fxg5 43. Kd5 Kg7 44. Kc6 Kf6 45. Ne4+ Kf5
46. Nd2 Kg4 47. Kxb6 h4 48. gxh4 gxh4 49. Ne4 Kf4 50. Nf2 Kg3
51. Ne4+ Kg2 52. Ng5 Nf7 53. Ne6 Kf3 54. Kxa5 h3 55. Kb5 h2
56. a5 h1=Q 57. a6 Nd6+ 58. Kc6 Nc8 59. Kb7 Qh8 60. Nxc5 Nd6+
61. Kc6 Qb8 62. b4 Nc8 0-1

[Event "ch-IRI"]
[Site "Tehran IRI"]
[Date "2017.03.10"]
[EventDate "2017.03.05"]
[Round "8.5"]
[Result "1-0"]
[White "Alireza Firouzja"]
[Black "Amirreza Pourramezanali"]
[WhiteElo "2470"]
[BlackElo "2510"]
[PlyCount "93"]

1. e4 e6 2. d4 d5 3. Nc3 Bb4 4. e5 c5 5. a3 Bxc3+ 6. bxc3 Ne7
7. Qg4 O-O 8. Bd3 Nbc6 9. Qh5 Ng6 10. Nf3 Qc7 11. Be3 c4
12. Bxg6 fxg6 13. Qg4 Qf7 14. Ng5 Qe8 15. h4 Bd7 16. Qe2 b5
17. Nh3 a5 18. h5 gxh5 19. Nf4 g6 20. g4 h4 21. Nh3 b4 22. Ng5
bxc3 23. Rxh4 Rf7 24. Nxf7 Qxf7 25. Kf1 Qe7 26. Rh3 a4 27. Qe1
Na7 28. Qxc3 Nb5 29. Qd2 c3 30. Qc1 Be8 31. Bg5 Qa7 32. Rd3
Nxd4 33. Be3 Bb5 34. Qd1 Nxc2 35. Bxa7 Nxa1 36. Kg2 c2
37. Qxa1 Bxd3 38. Be3 Rc8 39. f3 h5 40. Qd4 Be2 41. Qb6 c1=Q
42. Qxe6+ Kh7 43. Qf7+ Kh8 44. Bxc1 Rxc1 45. Qxg6 Rc3 46. Qf6+
Kg8 47. gxh5 1-0

[Event "ch-IRI"]
[Site "Tehran IRI"]
[Date "2017.03.13"]
[EventDate "2017.03.05"]
[Round "11.4"]
[Result "1/2-1/2"]
[White "Pouria Darini"]
[Black "Alireza Firouzja"]
[WhiteElo "2518"]
[BlackElo "2470"]
[PlyCount "95"]

1. e4 c5 2. Nf3 d6 3. d4 cxd4 4. Nxd4 Nf6 5. Nc3 a6 6. Bg5 e6
7. f4 Nbd7 8. Qe2 Qc7 9. O-O-O b5 10. a3 Bb7 11. g4 Be7
12. Bg2 Qc4 13. Qxc4 bxc4 14. h3 Rb8 15. Nde2 h6 16. Bh4 g5
17. fxg5 hxg5 18. Bf2 Ne5 19. Ng3 Ng6 20. Bd4 Rh6 21. Bf3 Nf4
22. Rdf1 Nd7 23. Nh5 Nxh5 24. gxh5 Nf6 25. Rfg1 Kd7 26. Be3
Nxh5 27. Bxg5 Bxg5+ 28. Rxg5 Nf4 29. h4 Ke7 30. h5 e5 31. Rhg1
Bc6 32. Rg8 Rxg8 33. Rxg8 f5 34. Rg7+ Kd8 35. Ra7 Kc8 36. Rf7
fxe4 37. Bxe4 Bxe4 38. Nxe4 d5 39. Nf6 d4 40. Ne4 Nxh5 41. Rf5
Nf4 42. Rxe5 Rh1+ 43. Kd2 Rh2+ 44. Kd1 Kb8 45. Nd6 d3 46. cxd3
cxd3 47. Rf5 Nh3 48. Ne4 1/2-1/2

[Event "Dubai Open"]
[Site "Dubai UAE"]
[Date "2017.04.04"]
[EventDate "2017.04.03"]
[Round "2.39"]
[Result "1-0"]
[White "Alireza Firouzja"]
[Black "K Arjun"]
[WhiteElo "2492"]
[BlackElo "2232"]
[PlyCount "77"]

1. e4 e5 2. Nf3 Nc6 3. Bb5 a6 4. Ba4 Nf6 5. O-O Be7 6. Re1 b5
7. Bb3 d6 8. c3 O-O 9. h3 Nb8 10. d4 Nbd7 11. Nbd2 Bb7 12. Bc2
Re8 13. a4 c6 14. b4 Bf8 15. Nb3 Rb8 16. axb5 cxb5 17. Na5 Ba8
18. d5 Qc7 19. Ra3 g6 20. Nh2 Nb6 21. Ng4 Nxg4 22. hxg4 Bb7
23. Bd3 Bc8 24. g5 Bd7 25. Bf1 Bg7 26. Be3 Ra8 27. Qa1 f6
28. gxf6 Bxf6 29. Nc6 Qb7 30. Qa2 Kh8 31. Ra1 Bxc6 32. dxc6
Qxc6 33. Rxa6 Rxa6 34. Qxa6 Rb8 35. Qxb5 Qc7 36. Ra6 Bd8
37. Qe8+ Kg7 38. Qe6 Bf6 39. c4 1-0

[Event "Dubai Open"]
[Site "Dubai UAE"]
[Date "2017.04.05"]
[EventDate "2017.04.03"]
[Round "3.2"]
[Result "1/2-1/2"]
[White "David Anton Guijarro"]
[Black "Alireza Firouzja"]
[WhiteElo "2679"]
[BlackElo "2492"]
[PlyCount "93"]

1. e4 c5 2. Nf3 d6 3. Bb5+ Nd7 4. O-O a6 5. Bd3 Ngf6 6. c3 b5
7. Bc2 Bb7 8. Qe2 e6 9. d4 Be7 10. Re1 O-O 11. Nbd2 Qc7
12. Nf1 cxd4 13. cxd4 Rac8 14. Bb1 b4 15. h3 a5 16. Ng3 Rfe8
17. Be3 Qb8 18. Nd2 e5 19. d5 Bd8 20. a3 Bb6 21. Bxb6 Nxb6
22. axb4 axb4 23. Qb5 Nbd7 24. Qxb4 Nc5 25. Nc4 g6 26. Rc1 Rc7
27. Ra3 h5 28. Qe1 Rec8 29. b4 h4 30. bxc5 Rxc5 31. Qb4 hxg3
32. fxg3 R8c7 33. Bd3 Qc8 34. Rac3 Qd8 35. Na5 Bxd5 36. Rxc5
dxc5 37. Rxc5 Rxc5 38. Qxc5 Nxe4 39. Qe3 Qxa5 40. Bxe4 Qa1+
41. Kf2 Qb2+ 42. Kf3 Bxe4+ 43. Qxe4 Qc3+ 44. Qe3 Qxe3+
45. Kxe3 f5 46. g4 fxg4 47. Ke4 1/2-1/2

[Event "Dubai Open"]
[Site "Dubai UAE"]
[Date "2017.04.06"]
[EventDate "2017.04.03"]
[Round "4.12"]
[Result "0-1"]
[White "Alireza Firouzja"]
[Black "Mikhailo Oleksienko"]
[WhiteElo "2492"]
[BlackElo "2643"]
[PlyCount "90"]

1. e4 c5 2. Nf3 e6 3. d4 cxd4 4. Nxd4 Nc6 5. Nc3 Qc7 6. Be3 a6
7. Qf3 Nxd4 8. Bxd4 b5 9. Qg3 Qxg3 10. hxg3 Bb7 11. f3 Ne7
12. O-O-O Nc6 13. Bb6 Be7 14. a4 b4 15. Nb1 Ne5 16. Nd2 Bc6
17. Bd4 Bf6 18. Bc5 Be7 19. Bd4 Bf6 20. Kb1 Bxa4 21. Rh5 Nc6
22. Bxf6 gxf6 23. Nc4 Ra7 24. b3 Bb5 25. Nd6+ Ke7 26. Nxb5
axb5 27. Bxb5 e5 28. f4 Rha8 29. Ba4 d6 30. fxe5 dxe5 31. Rxh7
Nd4 32. Rdh1 Rg8 33. g4 Raa8 34. R7h4 Rac8 35. Rd1 Rc5 36. g3
Nxc2 37. g5 Nd4 38. g4 Rxg5 39. Rh8 f5 40. gxf5 Rg2 41. Rh6
Rcc2 42. Rxd4 exd4 43. Rb6 Rcf2 44. Rb7+ Kf6 45. e5+ Kxe5 0-1

[Event "Dubai Open"]
[Site "Dubai UAE"]
[Date "2017.04.08"]
[EventDate "2017.04.03"]
[Round "5.32"]
[Result "0-1"]
[White "Pawan Dodeja"]
[Black "Alireza Firouzja"]
[WhiteElo "2235"]
[BlackElo "2492"]
[PlyCount "90"]

1. e4 c5 2. Nf3 d6 3. d4 cxd4 4. Nxd4 Nf6 5. Nc3 a6 6. Be3 e5
7. Nb3 Be6 8. Qf3 Nbd7 9. h3 Rc8 10. Bd3 Be7 11. a4 O-O
12. O-O Ne8 13. a5 g6 14. Qe2 Bg5 15. Nd2 Bxe3 16. Qxe3 Ng7
17. f4 exf4 18. Qxf4 Ne5 19. Nf3 Nh5 20. Qe3 Nxf3+ 21. Rxf3
Rc5 22. Qd4 Rxa5 23. Rxa5 Qxa5 24. Qxd6 Rd8 25. Qa3 Qe5
26. Ne2 Rc8 27. Qb4 b5 28. Qd4 Qc7 29. Rf1 Rd8 30. Qe3 Qe5
31. Ra1 Bc8 32. Qb6 Re8 33. Qd4 Qg5 34. Kh2 Rd8 35. Qb6 Qe5+
36. Kg1 Qg5 37. Kh2 Re8 38. Qd4 Bb7 39. Kg1 Rd8 40. Qb6 Rd7
41. Rf1 Qe5 42. b3 Bxe4 43. Qxa6 Qc5+ 44. Kh2 Bxd3 45. cxd3
Ra7 0-1

[Event "Dubai Open"]
[Site "Dubai UAE"]
[Date "2017.04.08"]
[EventDate "2017.04.03"]
[Round "6.12"]
[Result "0-1"]
[White "Alireza Firouzja"]
[Black "Alexander Areshchenko"]
[WhiteElo "2492"]
[BlackElo "2686"]
[PlyCount "70"]

1. e4 c5 2. Nf3 d6 3. d4 cxd4 4. Nxd4 Nf6 5. Nc3 a6 6. Bg5
Nbd7 7. Qe2 h6 8. Bxf6 Nxf6 9. O-O-O e5 10. Nf5 g6 11. Ne3 Be6
12. Ned5 Nxd5 13. Nxd5 Rc8 14. Kb1 Rc5 15. Ne3 h5 16. g3 Bh6
17. Qd3 Qa5 18. a3 O-O 19. Qxd6 Rfc8 20. Qd2 Qa4 21. Qb4 Qc6
22. Bd3 a5 23. Qe1 Bxe3 24. Qxe3 b5 25. f4 Bg4 26. Be2 Bxe2
27. Qxe2 b4 28. Rd3 bxa3 29. Rxa3 Rxc2 30. Qd3 exf4 31. gxf4
a4 32. Ka1 Qf6 33. Qb5 Qxf4 34. Rxa4 Rb8 35. Qd5 Rc1+ 0-1

[Event "Dubai Open"]
[Site "Dubai UAE"]
[Date "2017.04.09"]
[EventDate "2017.04.03"]
[Round "7.31"]
[Result "1-0"]
[White "A Ra Harikrishnan"]
[Black "Alireza Firouzja"]
[WhiteElo "2305"]
[BlackElo "2492"]
[PlyCount "121"]

1. e4 c5 2. Nf3 d6 3. d4 cxd4 4. Nxd4 Nf6 5. Nc3 a6 6. h3 e5
7. Nb3 Be7 8. Be3 O-O 9. g4 Be6 10. g5 Nfd7 11. h4 Nb6 12. Nd5
Bxd5 13. exd5 Na4 14. Qg4 Qd7 15. Qxd7 Nxd7 16. Bh3 Ndb6
17. Bxb6 Nxb6 18. O-O-O a5 19. Rd3 f5 20. gxf6 Rxf6 21. Be6+
Kh8 22. f3 Rf4 23. Nd2 Raf8 24. Rb3 Rb4 25. Rh3 Rxb3 26. axb3
Rf4 27. Ne4 Na8 28. c4 b6 29. h5 Nc7 30. Bd7 Na6 31. Kd2 Nb4
32. Be6 Rf8 33. Rg3 Na6 34. Ke2 Rb8 35. Bd7 Nc7 36. Bc6 Rd8
37. Rg1 Na6 38. Bb5 Nb4 39. Kd2 Rf8 40. Rg3 Rf4 41. Bd7 Rf8
42. Rh3 h6 43. Rg3 Bh4 44. Rg6 Rxf3 45. Rxd6 Rf4 46. Rxb6 g6
47. Nd6 Bg5 48. Ke2 Nc2 49. Be8 Nd4+ 50. Ke1 Bh4+ 51. Kd2 Bg5
52. Ke1 Bh4+ 53. Kd2 gxh5 54. Bxh5 Bg5 55. Kd3 Bf6 56. Rb8+
Kh7 57. Rb7+ Kg8 58. Ne4 Bh4 59. c5 Nf3 60. c6 Ne1+ 61. Kc3
1-0

[Event "Asian Juniors"]
[Site "Shiraz IRI"]
[Date "2017.05.03"]
[EventDate "2017.05.03"]
[Round "1.2"]
[Result "0-1"]
[White "Mahan Baneshi"]
[Black "Alireza Firouzja"]
[WhiteElo "1971"]
[BlackElo "2487"]
[PlyCount "100"]

1. d4 Nf6 2. c4 g6 3. f3 Nh5 4. Nh3 Bg7 5. Nc3 O-O 6. Nf2 f5
7. e4 fxe4 8. Nfxe4 c6 9. Bg5 h6 10. Be3 d5 11. cxd5 cxd5
12. Qb3 e6 13. Nf2 Nc6 14. Rd1 Kh7 15. Ng4 Qd6 16. Be2 Nf4
17. O-O h5 18. Nf2 Nxe2+ 19. Nxe2 b6 20. Nh3 Ba6 21. Rfe1 Rae8
22. Ng5+ Kg8 23. f4 Ne7 24. g3 Nf5 25. Bf2 Qd7 26. Kg2 Rc8
27. Ng1 Rfe8 28. N1f3 Bc4 29. Qb4 Bxa2 30. Ra1 Bc4 31. h3 Nd6
32. Ne5 Bxe5 33. Rxe5 Bd3 34. g4 hxg4 35. hxg4 Nf7 36. Nxf7
Qxf7 37. Qd2 Be4+ 38. Kg3 Rc2 39. Qe3 Rxb2 40. Rxe4 dxe4
41. Qxe4 Rc8 42. Rh1 Rf8 43. Be3 Rb3 44. Rh6 Kg7 45. f5 exf5
46. gxf5 Qxf5 47. Qe7+ Rf7 48. Qe8 Qg5+ 49. Kh2 Rb2+ 50. Kh3
Rf3# 0-1

[Event "Asian Juniors"]
[Site "Shiraz IRI"]
[Date "2017.05.04"]
[EventDate "2017.05.03"]
[Round "2.1"]
[Result "1-0"]
[White "Alireza Firouzja"]
[Black "Tagir Taalaibekov"]
[WhiteElo "2487"]
[BlackElo "2213"]
[PlyCount "57"]

1. e4 e6 2. d4 d5 3. Nc3 Bb4 4. e5 Ne7 5. a3 Bxc3+ 6. bxc3 c5
7. Qg4 Kf8 8. Qd1 Nbc6 9. a4 Qa5 10. Bd2 Qc7 11. Nf3 Bd7
12. Bd3 Na5 13. Bc1 b6 14. O-O h6 15. g3 Rd8 16. Nh4 Nf5
17. Ng2 Nc4 18. Nf4 Bc8 19. Re1 Ne7 20. Qf3 Ke8 21. Nh5 Kf8
22. Qg4 g6 23. Nf6 Nf5 24. Qh3 Kg7 25. Bf4 cxd4 26. Bxf5 exf5
27. e6 Qb7 28. e7 Rde8 29. Bxh6+ 1-0

[Event "Asian Juniors"]
[Site "Shiraz IRI"]
[Date "2017.05.04"]
[EventDate "2017.05.03"]
[Round "3.1"]
[Result "0-1"]
[White "Arash Tahbaz"]
[Black "Alireza Firouzja"]
[WhiteElo "2409"]
[BlackElo "2487"]
[PlyCount "68"]

1. e4 c5 2. Nf3 d6 3. d4 cxd4 4. Nxd4 Nf6 5. Nc3 Nc6 6. f3 e5
7. Nb3 Be7 8. Be3 O-O 9. Qd2 a5 10. Bb5 Na7 11. Be2 Be6
12. Rd1 Nc6 13. Bb5 Na7 14. Be2 Nc8 15. Nd5 Bxd5 16. exd5 Nd7
17. a4 h6 18. Bb5 b6 19. O-O Bg5 20. Bxg5 hxg5 21. Bxd7 Qxd7
22. Qxg5 Qxa4 23. f4 Qe8 24. f5 f6 25. Qh4 a4 26. Nd2 a3
27. bxa3 Rxa3 28. Ne4 Qb5 29. c4 Qb3 30. h3 Ra4 31. Rc1 Qe3+
32. Kh2 Ra3 33. Rf3 Qxc1 34. Rxa3 Qxa3 0-1

[Event "Asian Juniors"]
[Site "Shiraz IRI"]
[Date "2017.05.05"]
[EventDate "2017.05.03"]
[Round "4.1"]
[Result "1-0"]
[White "Alireza Firouzja"]
[Black "Aryan Gholami"]
[WhiteElo "2487"]
[BlackElo "2423"]
[PlyCount "71"]

1. e4 c5 2. Nf3 Nc6 3. Bb5 e6 4. O-O Nge7 5. c3 a6 6. Ba4 b5
7. Bc2 Bb7 8. Qe2 d5 9. e5 Qb6 10. Rd1 d4 11. Be4 Ng6 12. d3
Be7 13. a4 O-O 14. h4 Qc7 15. g3 dxc3 16. bxc3 Rfd8 17. Na3 b4
18. cxb4 cxb4 19. Nc4 Na5 20. Bxb7 Nxb7 21. h5 Nf8 22. h6 g6
23. Be3 Nc5 24. Nd6 Nb7 25. Rac1 Qd7 26. Bb6 Nxd6 27. Bxd8
Rxd8 28. exd6 Bf6 29. Nd2 Bd4 30. Ne4 f5 31. Rc7 Qxa4 32. Nc5
Bxc5 33. Rxc5 Rxd6 34. Rc8 Qb3 35. Qe5 Rd7 36. Qh8+ 1-0